000 00687nam a22001817a 4500
999 _c178055
_d178055
005 20210312174509.0
010 _aENG-129247
020 _a978-93-82400-29-5
_c450.00
035 _aEN-112779
037 _bDBAD/PUB
082 _a153.6
100 _aRosenberg, Marshall B.
245 _aNonviolent Communication; a language of life/
_cMarshall B. Rosenberg
260 _bBanyan Tree
_aIndore
_c2020
270 _a1-B, Dhenu Market, 1st Floor
_bIndore
_e452003
_mbanyantreebookstore@gmail.comtakali.india@gmail.com
_k7312531488, 8989461462, 9425904428
300 _axvi+230p.
_c22cm(pbk)
_bIncluding bibliographical references and index.
942 _2ddc
_cEN
_h153.6
_mROS